00705nam a2200241 a 4500001001300000003000900013005001700022008004100039020001000080082001300090100002500103245004100128260003200169300000900201500003500210505002400245650002300269700002500292902000800317942000700325952011400332999001700446nice12345678IN_TiNIC20260116014545.0050524s1996 newa grp 000 0 eng  ac30000a323bVAD aVadackumchery, James aHuman Rights and the Police in India aNew DelhibAPH Pub.Coc1996 a194p aincludes index and biblioraphy2 aBibliography, Index aHuman Rights-India1 aVadackumchery, James bSRS cBK 001040708StackRoom-aHMIbHMId2007-04-09g300.00l0o323 VADp020028r2007-04-09v300.00w2005-05-24yBK c15962d15962